日本の国立公園 - Statistics

General Stats
  • This quiz has been taken 93 times
  • The average score is 14 of 35
Answer Stats
Answer % Correct
知床
80%
大雪山
69%
釧路湿原
66%
利尻礼文サロベツ
54%
尾瀬
53%
日光
51%
瀬戸内海
51%
屋久島
51%
三陸復興
47%
小笠原
46%
富士箱根伊豆
46%
白山
46%
伊勢志摩
44%
やんばる
44%
秩父多摩甲斐
42%
支笏洞爺
41%
十和田八幡平
37%
阿蘇くじゅう
37%
南アルプス
36%
阿寒摩周
34%
磐梯朝日
34%
中部山岳
32%
慶良間諸島
31%
西表石垣
31%
吉野熊野
29%
霧島錦江湾
27%
上信越高原
25%
山陰海岸
25%
足摺宇和海
25%
雲仙天草
25%
妙高戸隠連山
24%
西海
24%
大山隠岐
20%
奄美群島
20%
日高山脈襟裳十勝
15%
No matching quizzes found
Score Distribution
Percent of People with Each Score
Percentile by Number Answered
Your Score History
You have not taken this quiz